[Event "TIPC 2016"]
[Site "Roux"]
[Date "2016.07.30"]
[Round "1.1"]
[White "Gurevich, Mikhail"]
[Black "Réal, Thibault"]
[Result "1-0"]
[BlackElo "2071"]
[WhiteElo "2561"]
[LiveChessVersion "1.4.6"]

1. c4  c5  2. g3  Nc6
 3. Bg2  g6  4. Nc3
 Bg7  5. Rb1  Nf6
 6. a3  e6  7. b4
 cxb4  8. axb4  d5
 9. b5  Ne7  10. Qb3
 dxc4  11. Qxc4  e5
 12. Nf3  Nd7  13. Ba3
 O-O  14. O-O  h6
 15. Qd3  Re8  16. Rfc1
 Bf8  17. Ne4  Nf5
 18. Bxf8  Rxf8  19. g4
 Nh4  20. Nxh4  Qxh4
 21. Rxc8  Raxc8  22. Qxd7
 Rc2  23. Qd6  f6
 24. Nc3  Qg5  25. Bd5+
 1-0

[Event "TIPC 2016"]
[Site "Roux"]
[Date "2016.07.30"]
[Round "1.2"]
[White "Müeller, Martin"]
[Black "Sumets, Andrey"]
[Result "0-1"]
[BlackElo "2551"]
[WhiteElo "2070"]
[LiveChessVersion "1.4.6"]

1. d4  Nf6  2. Bg5  d5
 3. Bxf6  gxf6  4. c4
 dxc4  5. e3  c5 
6. Bxc4  cxd4  7. exd4  Bg7
 8. Nc3  O-O  9. Nge2
 Nc6  10. O-O  f5
 11. d5  Ne5  12. Bb3
 Qd6  13. Re1  Bd7
 14. Nf4  Ng4  15. Qf3
 b5  16. h3  Ne5 
17. Qe3  b4  18. Nce2  Ng6
 19. Rab1  Bh6  20. g3
 a5  21. Qd4  a4 
22. Nxg6  hxg6  23. Bc4  Rfc8
 24. b3  axb3  25. Bxb3
 Bg7  26. Qe3  Bf6
 27. Rbc1  Kg7  28. Rxc8
 Bxc8  29. Rc1  Bb7
 30. Nf4  Bc3  31. Ne2
 Be5  32. Qc5  Qxc5
 33. Rxc5  Bd6  34. Rc2
 Ra5  35. Rd2  Kf6
 36. h4  g5  37. hxg5+
 Kxg5  38. Rd4  Ra8
 39. Rh4  Rc8  40. Kh2
 Ba6  41. Nd4  Bd3
 42. Nf3+  Kf6  43. Nd2
 Rc1  44. Rd4  Be2
 45. Kg2  Bc5  46. Rf4
 Kg6  47. Bc4  Bd6
 48. Rd4  Be5  49. Rh4
 Bg4  50. Bb3  Bf6
 51. Rh1  Rxh1  52. Kxh1
 Bc3  53. Nf1  Bf3+
 54. Kg1  Kf6  55. Ne3
 Bd4  56. d6  e6 
57. Nc4  Bc6  58. a3  bxa3
 59. Nxa3  Bc5  60. Nc4
 Bd5  61. Ba2  Bxd6
 62. Nxd6  Bxa2  63. Nb5
 Ke5  64. Nc3  Bd5
 65. Nd1  Bf3  66. Ne3
 f6  67. Nf1  f4 
68. gxf4+  Kxf4  69. Ne3  Be2
 70. Nc2  e5  71. Ne3
 Kf3  72. Nc2  Bd3
 73. Ne3  f5  74. Ng2
 f4  75. Nh4+  Kg4
 76. Ng2  Be4  77. Ne1
 f3  78. Kh2  Bb1
 79. Kg1  e4  80. Kf1
 Kh3  81. Kg1  Kg4
 82. Kf1  Kh4  83. Kg1
 Kh3  84. Kh1  e3
 85. Nxf3  exf2  86. Ng1+
 Kg3  87. Ne2+  Kf3
 88. Nd4+  Ke3  89. Kg2
 Be4+  90. Kf1 Bd3+ 0-1

[Event "TIPC 2016"]
[Site "Roux"]
[Date "2016.07.30"]
[Round "1.3"]
[White "Miezis, Normunds"]
[Black "Philippe, Denis-Emmanuel"]
[Result "1-0"]
[BlackElo "2064"]
[WhiteElo "2498"]
[LiveChessVersion "1.4.6"]

1. c4  c6  2. e4  d5
 3. cxd5  cxd5  4. exd5
 Nf6  5. Bb5+  Nbd7
 6. Nc3  a6  7. Qa4
 Rb8  8. Bxd7+  Qxd7
 9. Qb3  b5  10. Nf3
 Bb7  11. Ne5  Qd6
 12. d4  Nxd5  13. O-O
 f6  14. Nxb5  Qb6
 15. Nc7+  Qxc7  16. Qa4+
 Bc6  17. Qxc6+  Qxc6
 18. Nxc6  Rc8  19. Na5
 e6  20. b3  Bb4 
21. Nc4  Bc3  22. Rb1  O-O
 23. Bb2  Rfd8  24. Rfd1
 Bxb2  25. Rxb2  Kf7
 26. g3  Ne7  27. Rbd2
 Rc7  28. Kf1  h5
 29. h4  Rcd7  30. Ne3
 Rc7  31. Ke2  Rcd7
 32. Rd3  Rc7  33. d5
 exd5  34. Rd4  Ke6
 35. R1d2  Rdd7  36. Ra4
 Rc6  37. Nc2  Rb6
 38. Nb4  Ra7  39. Nd3
 Kd6  40. Nf4  g6
 41. Re4  Rc6  42. Red4
 a5  43. Nxd5  Nxd5
 44. Rxd5+  Ke6  45. R5d4
 Rc5  46. Kf3  g5
 47. Rd6+  Ke5  48. hxg5
 fxg5  49. Rh6  g4+
 50. Ke3  Re7  51. Ke2
 Kf5+  52. Kd1  Kg5
 53. Rdd6  Rec7  54. Rdf6
 Rd5+  55. Ke2  Re7+
 56. Kf1  Rd1+  57. Kg2
 Rg7  58. Ra6  Rd5
 59. a4  Rf7  60. Rag6+ 1-0

[Event "TIPC 2016"]
[Site "Roux"]
[Date "2016.07.30"]
[Round "1.4"]
[White "Degembe, Pierre"]
[Black "Okhotnik, Vladimir"]
[Result "0-1"]
[BlackElo "2454"]
[WhiteElo "2063"]
[LiveChessVersion "1.4.6"]

1. c4 e5 2. g3 Nc6 3. Bg2 Nf6 4. Nc3 Bc5 5. e3 d5 6. Nxd5 Nxd5 7. cxd5 Nb4 8. Qb3
c6 9. d4 exd4 10. exd4 Be7 11. Ne2 Nxd5 12. O-O O-O 13. Nc3 Nxc3 14. bxc3 Rb8 15.
Bf4 Bd6 16. Bxd6 Qxd6 17. c4 Qxd4 18. Bxc6 Bh3 19. Rfd1 Qc5 20. Bd7 Be6 21. Bxe6
fxe6 22. Rd2 Rf7 23. Qb5 Rf5 24. Qxc5 Rxc5 25. Re1 Kf7 26. Rd7+ Kf6 27. Rb1 Rxc4
28. Rbxb7 Rxb7 29. Rxb7 a5 30. Rb5 a4 31. Ra5 g5 32. Kg2 g4 33. a3 e5 34. h4 h5
35. Kf1 Kf5 36. Ra8 Ke4 37. Ke2 Rc2+ 38. Ke1 Ra2 39. Rxa4+ Kf3 40. Ra8 Ra1+ 41.
Kd2 Kxf2 42. Kd3 Kxg3 43. Ke4 Kxh4 44. Kxe5 g3 0-1

[Event "TIPC 2016"]
[Site "Roux"]
[Date "2016.07.30"]
[Round "1.5"]
[White "Carlier, Bruno"]
[Black "Verhaegen, Albert"]
[Result "1-0"]
[BlackElo "2057"]
[WhiteElo "2403"]
[LiveChessVersion "1.4.6"]

1. e4  e5  2. Nf3  Nc6
 3. Bb5  a6  4. Ba4
 Nf6  5. d3  b5 
6. Bb3  Bc5  7. O-O  d6
 8. c3  h6  9. Be3
 Ba7  10. Bxa7  Rxa7
 11. a4  O-O  12. h3
 b4  13. a5  bxc3
 14. bxc3  Be6  15. Bxe6
 fxe6  16. Nbd2  d5
 17. Qe2  Qd6  18. Rfe1
 Nd7  19. d4  exd4
 20. cxd4  Re8  21. e5
 Qf8  22. Rec1  Ndb8
 23. Nb3  Rb7  24. Nc5
 Rb5  25. Nxa6  Rxa5
 26. Rxa5  Nxa5  27. Nxc7
 Re7  28. Qb5  Nac6 29. Rxc6
 Nxc6  30. Qxc6  Kf7
 31. Nxd5  exd5  32. Qxd5+
 Re6  33. Qc4  Qa8
 34. d5  Qa1+  35. Kh2
 Rxe5  36. Qf4+  1-0

[Event "TIPC 2016"]
[Site "Roux"]
[Date "2016.07.30"]
[Round "1.6"]
[White "Thiry, Jean-Christophe"]
[Black "Hautot, Stéphane"]
[Result "1/2-1/2"]
[BlackElo "2402"]
[WhiteElo "2056"]
[LiveChessVersion "1.4.6"]

1. d4  d5  2. Bf4  c5
 3. e3  Nc6  4. c3
 Qb6  5. Qb3  c4 
6. Qc2  Bf5  7. Qxf5  Qxb2
 8. Qxd5  Qxa1  9. Qb5
 O-O-O  10. Bxc4  e6
 11. Ne2  Ba3  12. Qb3
 Na5  13. Bxe6+  fxe6
 14. Qxe6+  Rd7  15. Qe8+
 Rd8  16. Qe6+  Rd7
 17. Qe8+  Rd8  18. Qe6+
 1/2-1/2

[Event "TIPC 2016"]
[Site "Roux"]
[Date "2016.07.30"]
[Round "1.7"]
[White "Capone, Nicola"]
[Black "Hawia, Thierry"]
[Result "1-0"]
[BlackElo "2051"]
[WhiteElo "2397"]
[LiveChessVersion "1.4.6"]

1. e4  e5  2. Nf3  Nc6
 3. Bc4  Bc5  4. c3
 Nf6  5. d3  a6 
6. O-O  d6  7. a4  O-O
 8. Bg5  Ba7  9. Nbd2
 Be6  10. Re1  h6
 11. Bh4  g5  12. Bg3
 Ne7  13. d4  exd4
 14. Nxd4  d5  15. exd5
 Bxd5  16. Be5  Bxc4
 17. Bxf6  Be6  18. Qh5
 Bxd4  19. cxd4  Kh7
 20. Nf3  Rg8  21. Rxe6
 1-0

[Event "TIPC 2016"]
[Site "Roux"]
[Date "2016.07.30"]
[Round "1.8"]
[White "De Herdt, Yasseen"]
[Black "Klinova, Masha"]
[Result "0-1"]
[BlackElo "2301"]
[WhiteElo "2031"]
[LiveChessVersion "1.4.6"]

1. e4  d6  2. d4  Nf6
 3. Nc3  g6  4. Nf3
 Bg7  5. Be2  O-O
 6. O-O  c6  7. Re1
 Nbd7  8. a4  e5 
9. dxe5  dxe5  10. Qd6  Re8
 11. Bc4  Qe7  12. Qxe7
 Rxe7  13. b3  Nb6
 14. Ba3  Re8  15. Be2
 Bg4  16. a5  Nbd7
 17. h3  Bxf3  18. Bxf3
 Bf8  19. Bxf8  Kxf8
 20. Na4  b5  21. axb6
 axb6  22. b4  Ke7
 23. Nb2  Red8  24. Nc4
 h5  25. h4  Ne8 
26. Red1  Nc7  27. Rxa8  Nxa8
 28. g4  hxg4  29. Bxg4
 f6  30. Ra1  b5 
31. Na5  Rc8  32. Nb3  Nab6
 33. Ra7  Kd6  34. Kg2
 Rf8  35. Bxd7  Nxd7
 36. Kg3  f5  37. f3
 fxe4  38. fxe4  Rf4
 39. Nd2  Nf6  40. c4
 bxc4  41. Nxc4+  Ke6
 42. Rc7  Nxe4+  43. Kg2
 Nd6  44. Na5  Rxb4
 45. Nxc6  Rxh4  46. Re7+
 Kf6  47. Nxe5  g5
 48. Nc6  Rc4  49. Rc7
 Rc2+  50. Kf3  Rc3+
 51. Kg2  Nf5  52. Kg1
 Ne3  53. Re7  Rc1+
 0-1

[Event "TIPC 2016"]
[Site "Roux"]
[Date "2016.07.30"]
[Round "1.9"]
[White "Le Quang, Kim"]
[Black "Timmermans, Daniel"]
[Result "1-0"]
[BlackElo "2027"]
[WhiteElo "2264"]
[LiveChessVersion "1.4.6"]

1. c4  f5  2. g3  Nf6
 3. Bg2  g6  4. Nc3
 Bg7  5. d3  O-O 
6. e4  d6  7. Nge2  c5
 8. exf5  gxf5  9. Bg5
 e5  10. Qd2  Nc6
 11. O-O  Be6  12. f4
 Qd7  13. Rae1  Rae8
 14. b3  Ne7  15. Kh1
 Ng6  16. Bxf6  Bxf6
 17. Nd5  Bg7  18. b4
 b6  19. bxc5  bxc5
 20. Rb1  Rb8  21. Qa5
 Rfc8  22. a4  Bxd5
 23. Bxd5+  Kh8  24. Rb5
 Bf6  25. Rfb1  Bd8
 26. Qc3  Bc7  27. Rxb8
 Rxb8  28. Rxb8+  Bxb8
 29. Qb3  Bc7  30. Qb7
 a5  31. Kg2  Qd8
 32. Be6  Ne7  33. Nc3
 d5  34. cxd5  exf4
 35. Nb5  Be5  36. Na3
 fxg3  37. Nc4  Ng6
 38. hxg3  Bb8  39. Qb2+
 Ne5  40. Nxe5  h6
 41. Nf7+  1-0

[Event "TIPC 2016"]
[Site "Roux"]
[Date "2016.07.30"]
[Round "1.10"]
[White "Bruno, Ricardo"]
[Black "Van Mechelen, Jan"]
[Result "0-1"]
[BlackElo "2249"]
[WhiteElo "2024"]
[LiveChessVersion "1.4.6"]

1. e4 c5 2. Nf3 d6 3. d4 cxd4 4. Nxd4 Nf6 5. Nc3 a6 6. Be3 e5 7. Nf3 Qc7 8. a4
Nbd7 9. a5 b5 10. axb6 Nxb6 11. Bg5 Be7 12. Bxf6 Bxf6 13. Bd3 O-O 14. O-O Bb7 15.
Qe2 a5 16. Nb5 Qb8 17. c4 Nd7 18. Bc2 Be7 19. Rfd1 Rc8 20. Rd2 Nf6 21. Rad1 Ne8
22. Bb1 Ba6 23. Ba2 Qb7 24. Rd3 Bxb5 25. cxb5 Qxb5 26. Qd2 Qb4 27. Qe2 Rab8 28.
Rb3 Qa4 29. Rxb8 Rxb8 30. Ra1 Qb4 31. Qd3 Nc7 32. h4 h6 33. g4 Ne6 34. Qd5 Qc5
35. Qxc5 Nxc5 36. Bd5 Bd8 37. g5 Kf8 38. gxh6 gxh6 39. Ra2 Nb3 40. Ra3 Nc1 41. b3
Ne2+ 42. Kh2 Nc3 43. Bc6 Nb1 44. Ra1 Rxb3 45. Kg2 0-1

[Event "TIPC 2016"]
[Site "Roux"]
[Date "2016.07.30"]
[Round "1.11"]
[White "Fontaine, Quentin"]
[Black "Callier, Christophe"]
[Result "1-0"]
[BlackElo "2015"]
[WhiteElo "2238"]
[LiveChessVersion "1.4.6"]

1. d4 Nf6 2. Nf3 g6 3. c4 Bg7 4. e3 O-O 5. Be2 d6 6. O-O c5 7. d5 Na6 8. Nc3 Bd7
9. h3 Nc7 10. a4 Na6 11. Nd2 Nb4 12. f4 Qc8 13. Ra3 Ne8 14. g4 Nc7 15. Nde4 f5
16. Ng3 fxg4 17. hxg4 a6 18. a5 Rb8 19. Nge4 b5 20. axb6 Rxb6 21. Rf2 Rb8 22. Rh2
h6 23. Bd2 Ne8 24. Be1 Nf6 25. Nxf6+ Rxf6 26. Ne4 Rf8 27. Bc3 Qe8 28. Kg2 Qf7 29.
Qd2 Rb6 30. Ra1 e6 31. Rah1 exd5 32. Ng5 Qe7 33. Bxg7 Qxg7 34. Rxh6 d4 35. exd4
cxd4 36. Rh8+ 1-0

[Event "TIPC 2016"]
[Site "Roux"]
[Date "2016.07.30"]
[Round "1.12"]
[White "Gilles, Jean-Claude"]
[Black "Cappon, John"]
[Result "0-1"]
[BlackElo "2229"]
[WhiteElo "1998"]
[LiveChessVersion "1.4.6"]

1. e4 c5 2. Nf3 e6 3. d4 cxd4 4. Nxd4 a6 5. Bd3 Nc6 6. c3 Qc7 7. O-O Nf6 8. Kh1
Bc5 9. Nb3 Ba7 10. a4 h5 11. f3 h4 12. Re1 Nh5 13. Be3 Bb8 0-1

[Event "TIPC 2016"]
[Site "Roux"]
[Date "2016.07.30"]
[Round "1.13"]
[White "Vanderwaeren, Serge"]
[Black "Van Den Heede, Dorian"]
[Result "1-0"]
[BlackElo "1996"]
[WhiteElo "2208"]
[LiveChessVersion "1.4.6"]

1. Nf3 f5 2. e4 d6 3. exf5 Bxf5 4. Nh4 Qd7 5. Nxf5 Qxf5 6. d4 e5 7. Nc3 Nf6 8.
dxe5 dxe5 9. Bd3 Qe6 10. O-O Nc6 11. Qf3 Bd6 12. Bf5 Qf7 13. Qh3 Nd4 14. Bd3 O-O
15. Bd2 Rae8 16. Rae1 Qh5 17. Qxh5 Nxh5 18. Ne4 Nf4 19. Bc4+ Kh8 20. c3 Nde6 21.
g3 Nh5 22. f4 Nc5 23. Ng5 g6 24. fxe5 Rxf1+ 25. Kxf1 Rf8+ 26. Kg2 Be7 27. Nf7+
Kg8 28. b4 Nd3 29. Nh6+ Kg7 30. Re2 Nhf4+ 31. gxf4 Nxf4+ 32. Bxf4 Rxf4 33. Ng8
Bg5 34. Bb3 h5 35. h3 Rf8 36. Nf6 1-0

[Event "TIPC 2016"]
[Site "Roux"]
[Date "2016.07.30"]
[Round "1.14"]
[White "Ancion, Mérowig"]
[Black "Faybish, Nimrod"]
[Result "1-0"]
[BlackElo "2203"]
[WhiteElo "1988"]
[LiveChessVersion "1.4.6"]

1. e4 b6 2. d4 Bb7 3. Nc3 e6 4. Bd3 Nf6 5. Nf3 Bb4 6. Qe2 d5 7. exd5 Nxd5 8. Bd2
O-O 9. O-O-O Nxc3 10. bxc3 Be7 11. h4 Nd7 12. g4 c5 13. g5 Bd5 14. c4 Bxf3 15.
Qxf3 cxd4 16. Qe4 g6 17. h5 Ba3+ 18. Kb1 Nc5 19. Qh4 Qd7 20. hxg6 fxg6 21. Bxg6
hxg6 22. Bc3 d3 23. cxd3 Rad8 24. Bf6 Kf7 25. Bxd8 Qxd8 26. Qh7+ Ke8 27. Qxg6+
Kd7 28. d4 Na4 29. Rh7+ Be7 30. Qc2 b5 31. cxb5 Qa5 32. Qc6+ Kd8 33. Qa8+ Kd7 34.
Qb7+ 1-0

[Event "TIPC 2016"]
[Site "Roux"]
[Date "2016.07.30"]
[Round "1.15"]
[White "Sclacmender, Julien"]
[Black "Jamar, Vadim"]
[Result "1-0"]
[BlackElo "1988"]
[WhiteElo "2201"]
[LiveChessVersion "1.4.6"]

1. e4 c5 2. Nf3 e6 3. c3 d5 4. exd5 Qxd5 5. d4 cxd4 6. cxd4 Nc6 7. Nc3 Bb4 8. Bd3
Bd7 9. O-O Bxc3 10. bxc3 Nf6 11. Rb1 O-O 12. Qe2 h6 13. Ba3 Rfd8 14. Rb5 Nxd4 15.
cxd4 Bxb5 16. Bxb5 Rac8 17. Be7 Ne4 18. Bxd8 Nc3 19. Qb2 Nxb5 20. Bh4 g5 21. Bg3
g4 22. Ne5 Nxd4 23. Nxg4 Rc2 24. Qxc2 1-0

[Event "TIPC 2016"]
[Site "Roux"]
[Date "2016.07.31"]
[Round "2.1"]
[White "Henris, Luc"]
[Black "Gurevich, Mikhail"]
[Result "0-1"]
[BlackElo "2561"]
[WhiteElo "2170"]
[LiveChessVersion "1.4.6"]

1. e4  e6  2. b3  d5
 3. Bb2  Nf6  4. e5
 Nfd7  5. Qg4  c5
 6. f4  Nc6  7. Nf3
 a6  8. Be2  b5 
9. O-O  g6  10. Kh1  Bb7
 11. c3  h5  12. Qh4
 Qxh4  13. Nxh4  c4
 14. Nf3  Nc5  15. Nd4
 h4  16. h3  Ne4 
17. Kh2  Ng3  18. Rf2  Nxd4
 19. cxd4  Nxe2  20. Rxe2
 b4  21. a3  a5 
22. axb4  axb4  23. Rxa8+  Bxa8
 24. d3  0-1

[Event "TIPC 2016"]
[Site "Roux"]
[Date "2016.07.31"]
[Round "2.2"]
[White "Sumets, Andrey"]
[Black "Hoffmeister, Frank"]
[Result "1-0"]
[BlackElo "2165"]
[WhiteElo "2551"]
[LiveChessVersion "1.4.6"]

1. d4  Nf6  2. c4  g6
 3. Nc3  d5  4. Nf3
 Bg7  5. e3  c6 
6. h3  O-O  7. Bd3  a6
 8. O-O  b5  9. b3
 Bf5  10. Bxf5  gxf5
 11. Qc2  e6  12. Ba3
 Re8  13. Rac1  Nbd7
 14. Bd6  Rc8  15. c5
 Ne4  16. Nxe4  fxe4
 17. Ne5  f5  18. f4
 Bf8  19. g4  Bxd6
 20. cxd6  Nxe5  21. dxe5
 Kf7  22. Qc5  Qd7
 23. Rf2  Rg8  24. Rg2
 Qb7  25. Kh2  Rg7
 26. Rcg1  Rcg8  27. Rc2
 Rc8  28. gxf5  Rxg1
 29. fxe6+  Kxe6  30. Kxg1
 Rg8+  31. Rg2  Rxg2+
 32. Kxg2  h5  33. Kh2
 b4  34. Qc2  Qb5
 35. Qg2  Kf7  36. Qc2 1-0

[Event "TIPC 2016"]
[Site "Roux"]
[Date "2016.07.31"]
[Round "2.3"]
[White "Lacroix, Bruno"]
[Black "Miezis, Normunds"]
[Result "0-1"]
[BlackElo "2498"]
[WhiteElo "2169"]
[LiveChessVersion "1.4.6"]

1. e4  c5  2. Nf3  e6
 3. d3  Nc6  4. g3
 e5  5. Bg2  g6 
6. O-O  Bg7  7. c3  Nge7
 8. a3  a5  9. a4
 O-O  10. Na3  d5
 11. exd5  Nxd5  12. Nc4
 f6  13. Nfd2  Be6
 14. Ne4  b6  15. Qc2
 Rb8  16. b3  Qe7
 17. Re1  Rfd8  18. Bb2
 h6  19. Rad1  Kh7
 20. Qe2  Bg8  21. Ned2
 Qc7  22. Ne3  Qd7
 23. Ndc4  f5  24. Qf3
 Qc7  25. h4  Nxe3
 26. Qxe3  h5  27. Qe2
 Re8  28. Qc2  Rbd8
 29. Bc1  Bd5  30. Bg5
 Rd7  31. f4  Bxg2
 32. Kxg2  e4  33. dxe4
 Rxd1  34. Rxd1  Rxe4
 35. Nd6  Nd4  36. cxd4
 Qxd6  37. dxc5  Qc6
 38. Kh2  bxc5  39. Bd8
 Bd4  40. Bxa5  Qa6
 0-1

[Event "TIPC 2016"]
[Site "Roux"]
[Date "2016.07.31"]
[Round "2.4"]
[White "Okhotnik, Vladimir"]
[Black "Gijsen, Stief"]
[Result "1-0"]
[BlackElo "2144"]
[WhiteElo "2454"]
[LiveChessVersion "1.4.6"]

1. d4 Nf6 2. Nf3 g6 3. Nc3 d5 4. Bf4 Bg7 5. e3 O-O 6. Be2 c5 7. Ne5 cxd4 8. exd4
Be6 9. h4 Qb6 10. a3 Rc8 11. Na4 Qa5+ 12. c3 Nbd7 13. b4 Qd8 14. Rc1 a5 15. Nc5
Nxc5 16. bxc5 b6 17. c6 Ne4 18. Bb5 f6 19. Nd3 Nd6 20. a4 Bf7 21. h5 gxh5 22. Kf1
Qc7 23. Qf3 Re8 24. Re1 Rad8 25. Rxh5 Bxh5 26. Qxh5 e5 27. dxe5 Nxb5 28. axb5
fxe5 29. Nxe5 Bxe5 30. Rxe5 Rxe5 31. Bxe5 Qe7 32. c7 Re8 33. Qg4+ Kf7 34. Qf5+
1-0

[Event "TIPC 2016"]
[Site "Roux"]
[Date "2016.07.31"]
[Round "2.5"]
[White "Uhoda, Philippe"]
[Black "Carlier, Bruno"]
[Result "0-1"]
[BlackElo "2403"]
[WhiteElo "1813"]
[LiveChessVersion "1.4.6"]

1. d4  e6  2. c4  Bb4+
 3. Bd2  a5  4. Nf3
 Nf6  5. g3  Nc6 
6. Bg2  d6  7. O-O  e5
 8. Bxb4  axb4  9. e3
 O-O  10. Qb3  exd4
 11. exd4  d5  12. c5
 Ne4  13. Rd1  Be6
 14. Ne1  f5  15. Nc2
 Qf6  16. f3  Ng5
 17. Nxb4  Nxd4  18. Qd3
 Ndxf3+  19. Bxf3  Qxb2
 20. Nc2  Nxf3+  21. Qxf3
 Qxc2  22. Nc3  f4
 23. Rac1  Qg6  24. Nxd5
 Bxd5  25. Rxd5  fxg3
 26. Qxg3  Qxg3+  27. hxg3
 c6  28. Rd7  Rf7
 29. Rd2  h6  30. Rc3
 Ra5  31. Rb2  Kf8
 32. a3  Ke8  33. Rd2
 Rd7  34. Rxd7  Kxd7
 35. Rd3+  Ke6  36. Re3+
 Kd5  37. Re7  Rxa3
 38. Rxg7  Rb3  39. Kf2
 Kxc5  40. Rh7  b5
 41. Rxh6  b4  42. g4
 Rd3  43. g5  Rd5
 44. g6  Rg5  45. Ke3
 b3  46. Kd2  Kb4
 47. g7  c5  48. Rb6+
 Kc4  49. Rb7  Rg2+
 50. Kd1  Kc3  51. Ke1
 c4  52. Kf1  Rg6
 53. Ke2  Kd4 0-1

[Event "TIPC 2016"]
[Site "Roux"]
[Date "2016.07.31"]
[Round "2.6"]
[White "De Villers, Mourad"]
[Black "Capone, Nicola"]
[Result "1-0"]
[BlackElo "2397"]
[WhiteElo "2136"]
[LiveChessVersion "1.4.6"]

1. c4  Nf6  2. g3  e5
 3. Bg2  Nc6  4. Nc3
 Bc5  5. e3  d5 
6. a3  dxc4  7. Qa4  Qd6
 8. Nb5  Qe7  9. Qxc4
 O-O  10. b4  Bb6
 11. Nc3  Bf5  12. Nge2
 Rad8  13. O-O  Bd3
 14. Qb3  Nd4  15. exd4
 Bxd4  16. Re1  Bb6
 17. h3  Qd6  18. Na4
 Nh5  19. Nxb6  Qxb6
 20. Bb2  e4  21. Qc3
 f5  22. Nf4  Nf6
 23. Qb3+  Rf7  24. Ne6
 Bc2  25. Qxc2  Qxe6
 26. Bf1  Nd5  27. d3
 Re7  28. dxe4  fxe4
 29. Rad1  c6  30. Bg2
 Red7  31. Qxe4  1-0

[Event "TIPC 2016"]
[Site "Roux"]
[Date "2016.07.31"]
[Round "2.7"]
[White "Klinova, Masha"]
[Black "Schuermans, Robert"]
[Result "0-1"]
[BlackElo "2128"]
[WhiteElo "2301"]
[LiveChessVersion "1.4.6"]

1. e4  Nf6  2. Nc3  d5
 3. exd5  Nxd5  4. Nf3
 g6  5. Nxd5  Qxd5
 6. d4  Bg7  7. Be2
 O-O  8. O-O  c6 
9. c3  Nd7  10. Be3  e5
 11. Qb3  Qxb3  12. axb3
 exd4  13. Nxd4  Re8
 14. Rfe1  Nf6  15. Nf3
 Be6  16. b4  a6 
17. h3  Nd5  18. Bd4  Nf4
 19. Bf1  Bd5  20. Bxg7
 Kxg7  21. Ne5  Be6
 22. h4  Rad8  23. g3
 Nd5  24. Nc4  Nf6
 25. Na5  Bc8  26. Bg2
 Ng4  27. Rxe8  Rxe8
 28. Bf3  Ne5  29. Be2
 Rd8  30. Re1  Rd2
 31. Nc4  Rxe2  32. Rxe2
 Nxc4  33. Re7  Nxb2
 34. Rc7  Be6  35. Rxb7
 Bc4  36. Rc7  Bb5
 37. f4  h5  38. Kh2
 Kf6  39. Kh3  Nc4
 40. Kg2  Ne3+  41. Kf3
 Nd5  42. Rd7  Nxc3
 43. Rd2  Ke6  44. Rc2
 Nd5  45. Rb2  f5
 46. Kf2  Kd6  47. Rb1
 c5  48. bxc5+  Kxc5
 49. Re1  a5  50. Re6
 a4  51. Rxg6  a3
 52. Rg7  Ba6  0-1

[Event "TIPC 2016"]
[Site "Roux"]
[Date "2016.07.31"]
[Round "2.8"]
[White "Werner, Ivan"]
[Black "Le Quang, Kim"]
[Result "0-1"]
[BlackElo "2264"]
[WhiteElo "2110"]
[LiveChessVersion "1.4.6"]

1. e4  g6  2. d4  Bg7
 3. Nc3  d6  4. f4
 a6  5. a4  b6 
6. Nf3  e6  7. Bd3  Ne7
 8. O-O  O-O  9. Ne2
 c5  10. c3  Nbc6
 11. Qe1  cxd4  12. cxd4
 a5  13. Bd2  Ba6
 14. Bb5  Bxb5  15. axb5
 Na7  16. Nc3  Qd7
 17. Qe2  Rfc8  18. Ra4
 Rc7  19. Qd3  Re8
 20. Be3  Nac8  21. Ng5
 h6  22. Nf3  f5 
23. Nh4  fxe4  24. Nxe4  d5
 25. Ng3  Kh7  26. Nh5
 Nd6  27. Nxg7  Kxg7
 28. f5  exf5  29. Bf4
 Rcc8  30. Be5+  Kh7
 31. Ra3  Ne4  32. g4
 Rf8  33. gxf5  Nxf5
 34. Qh3  Qe6  35. b4
 Ng5  36. Qg4  Ne3
 0-1

[Event "TIPC 2016"]
[Site "Roux"]
[Date "2016.07.31"]
[Round "2.9"]
[White "Van Mechelen, Jan"]
[Black "Barbier, Wim"]
[Result "1-0"]
[BlackElo "2083"]
[WhiteElo "2249"]
[LiveChessVersion "1.4.6"]

1. Nf3  d6  2. d4  Bg4
 3. c4  e5  4. dxe5
 Nc6  5. exd6  Bxd6
 6. Nbd2  Nf6  7. e3
 Qe7  8. Be2  O-O-O
 9. Qa4  Kb8  10. O-O
 h5  11. b4  Nxb4
 12. Rb1  Bd7  13. Qb3
 b6  14. c5  Bxc5
 15. Ba3  a5  16. Rfc1
 Bf5  17. Ra1  Nfd5
 18. Nc4  Nf4  19. Bf1
 Nfd3  20. Rc3  Be4
 21. Nfd2  Bf5  22. Nxa5
 Nxf2  23. Kxf2  Rxd2+
 24. Kg1  bxa5  25. Bc1
 Be6  26. Qa4  Nd5
 27. Rb1+  Bb6  28. Ra3
 Rxa2  29. Rxa2  Nc3
 30. Rxb6+  cxb6  31. Qf4+
 Ka7  32. Ra3  Nd5
 33. Qd4  Qc5  34. Qxc5
 bxc5  35. Rxa5+  Kb6
 36. Ra1  Nb4  37. e4
 Rd8  38. Be3  Rh8 1-0

[Event "TIPC 2016"]
[Site "Roux"]
[Date "2016.07.31"]
[Round "2.10"]
[White "Decrop, Benjamin"]
[Black "Fontaine, Quentin"]
[Result "0-1"]
[BlackElo "2238"]
[WhiteElo "2098"]
[LiveChessVersion "1.4.6"]

1. e4  c5  2. Nf3  e6
 3. d4  cxd4  4. Nxd4
 Nc6  5. Nc3  Qc7
 6. Be3  a6  7. Qd2
 Nf6  8. O-O-O  Be7
 9. f3  b5  10. g4
 Nxd4  11. Bxd4  Bb7
 12. h4  O-O  13. Kb1
 Rac8  14. h5  e5
 15. Be3  d5  16. g5
 d4  17. gxf6  Bxf6
 18. Nd5  Bxd5  19. exd5
 dxe3  20. Qd3  e4
 21. Qxe4  Rfe8  22. Qd3
 Qe5  23. c3  e2 
24. Re1  exf1=Q  25. Rhxf1  Qd6
 0-1

[Event "TIPC 2016"]
[Site "Roux"]
[Date "2016.07.31"]
[Round "2.11"]
[White "Cappon, John"]
[Black "Scoriels, Michaël"]
[Result "1-0"]
[BlackElo "2073"]
[WhiteElo "2229"]
[LiveChessVersion "1.4.6"]

1. e4 e5 2. Nf3 Nc6 3. Bc4 Nf6 4. d3 Be7 5. O-O O-O 6. Re1 d6 7. c3 Na5 8. Bb5 a6
9. Ba4 c5 10. Nbd2 Be6 11. d4 b5 12. Bc2 Qc7 13. d5 Bd7 14. Nf1 Nc4 15. Ng3 Nb6
16. Nh4 Nfxd5 17. exd5 Bxh4 18. Qh5 f5 19. Qxh4 Nxd5 20. Rd1 Qc6 21. a4 Rf6 22.
axb5 axb5 23. Rxa8+ Qxa8 24. Nxf5 Rxf5 25. Qe4 Be6 26. Rxd5 Bxd5 27. Qxf5 g6 28.
Qg5 Qa1 29. h4 Bf7 30. h5 Kf8 31. Qd8+ Be8 32. Qxd6+ Kg8 33. Qd2 1-0

[Event "TIPC 2016"]
[Site "Roux"]
[Date "2016.07.31"]
[Round "2.12"]
[White "Ancion, Mérowig"]
[Black "Vanderwaeren, Serge"]
[Result "0-1"]
[BlackElo "2208"]
[WhiteElo "1988"]
[LiveChessVersion "1.4.6"]

1. e4 d5 2. exd5 Nf6 3. Bb5+ Bd7 4. Bc4 Bg4 5. f3 Bf5 6. g4 Bg6 7. Nc3 c6 8. dxc6
Nxc6 9. d3 e5 10. h4 h6 11. Be3 Bb4 12. a3 Ba5 13. b4 Bb6 14. Qc1 Nd4 15. Na4
Nxc2+ 16. Qxc2 Bxe3 17. Qa2 O-O 18. g5 Nh5 19. Nh3 Qd4 20. gxh6 Qxh4+ 21. Kd1
Bxh6 22. Kc2 Ng3 23. Rh2 Nf5 24. Nc5 Nd4+ 25. Kb2 Nxf3 26. Rg2 Bf5 27. Nf2 Qd4+
28. Kc2 Qe3 29. Nfe4 Bxe4 30. Nxe4 Ne1+ 31. Kb3 Nxg2 32. Qxg2 Kh8 33. Rh1 Rad8
34. Rh3 Qc1 35. Nc3 Rd7 36. Qg4 Rfd8 37. Qf3 Qf4 38. Qh5 f5 39. Qg6 Rd6 40. Qf7
Qg4 41. Rh5 e4 42. dxe4 fxe4 43. Re5 Qg6 44. Qxb7 e3 45. Bd5 Qf6 46. Re7 e2 47.
Bc4 R6d7 48. Qxd7 Rxd7 49. Re8+ Kh7 0-1